000 00511cam a2200193 4500
001 D7700
008 090401t1978 xxu||||| |||| 00| 0 eng d
035 _a(Sirsi) u94406
041 _aeng
050 _a338.4569
100 _aOxley, R.
245 _aIncentives in the construction industry: effects on earnings and costs
260 _aAscot
_bInstitute of Building
_c1978
300 _a10p. 30cm
350 _a0
490 _aSite Management Information Service
_v74
942 _n0
948 _c04/03/1997
999 _c98022
_d98022